000 00243nam a22000977a 4500
999 _c521792
_d521792
082 _aTNC
100 _aGhosh, S.K.
_936012
245 _aCommunal Riots In India
_bMeet The Challenge Unitedly
260 _aNew Delhi
_bAshish
_c1987
300 _a230p.